Every Song by Gin Blossoms - Statistics

General Stats
  • This quiz has been taken 5 times
  • The average score is 7 of 80
Answer Stats
Album Song % Correct
Dusted(1989) Found Out About You
80%
New Miserable Experience(1992) Allison Road
60%
Dusted(1989) Cajun Song
60%
Congratulations...I'm Sorry(1996) Follow You Down
60%
Dusted(1989) Hey Jealousy
60%
Congratulations...I'm Sorry(Bonus)(1996) Til I Hear It from You
60%
New Miserable Experience(1992) Mrs. Rita
40%
New Miserable Experience(1992) Until I Fall Away
40%
New Miserable Experience(1992) 29
20%
New Miserable Experience(1992) Cheatin'
20%
No Chocolate Cake(2010) Dead or Alive on the 405
20%
Mixed Reality(2018) Face the Dark
20%
No Chocolate Cake(2010) Goin' to California
20%
New Miserable Experience(1992) Hands Are Tied
20%
New Miserable Experience(1992) Hold Me Down
20%
Dusted(1989) Lost Horizons
20%
No Chocolate Cake(2010) Miss Disarray
20%
Mixed Reality(2018) The JFK Shit Show
20%
Congratulations...I'm Sorry(1996) Virginia
20%
No Chocolate Cake(2010) Wave Bye Bye
20%
Congratulations...I'm Sorry(1996) 7th Inning Stretch
0%
Mixed Reality(2018) Angels Fly
0%
Dusted(1989) Angels Tonight
0%
Congratulations...I'm Sorry(1996) As Long as It Matters
0%
New Miserable Experience(Bonus)(2002) Blue Eyes Bleeding
0%
Mixed Reality(2018) Break
0%
Major Lodge Victory(2006) California Sun
0%
Shut Up and Smoke(1994) Christine Irene
0%
Shut Up and Smoke(1994) Cold River Dick
0%
Major Lodge Victory(2006) Come on Hard
0%
Congratulations...I'm Sorry(1996) Competition Smile
0%
Major Lodge Victory(2006) Curious Thing
0%
Congratulations...I'm Sorry(1996) Day Job
0%
No Chocolate Cake(2010) Don't Change for Me
0%
Dusted(1989) Fireworks
0%
Major Lodge Victory(2006) Fool for the Taking
0%
Mixed Reality(2018) Forever Is This Night
0%
Mixed Reality(2018) Fortunate Street
0%
Mixed Reality(2018) Girl on the Side
0%
Dusted(1989) Girls Can't Wait
0%
No Chocolate Cake(2010) Go Crybaby
0%
Shut Up and Smoke(1994) Heart Away
0%
Major Lodge Victory(2006) Heart Shaped Locket
0%
Mixed Reality(2018) Here Again
0%
Congratulations...I'm Sorry(1996) Highwire
0%
Dusted(1989) I Can Sleep
0%
Congratulations...I'm Sorry(1996) I Can't Figure You Out
0%
Dusted(1989) Idiot Summer
0%
Non-Album(1993) Idiot Summer
0%
No Chocolate Cake(2010) I Don't Want to Lose You Now
0%
No Chocolate Cake(2010) If You'll Be Mine
0%
No Chocolate Cake(2010) I'm Ready
0%
Major Lodge Victory(2006) Jet Black Sunrise
0%
Up and Crumbling(1991) Just South of Nowhere
0%
Dusted(1989) Keli Richards
0%
Major Lodge Victory(2006) Learning the Hard Way
0%
Major Lodge Victory(2006) Let's Play Two
0%
Major Lodge Victory(2006) Long Time Gone
0%
Mixed Reality(2018) Mega Pawn King
0%
Congratulations...I'm Sorry(1996) Memphis Time
0%
Mixed Reality(2018) Miranda Chicago
0%
Congratulations...I'm Sorry(1996) My Car
0%
Mixed Reality(2018) New Mexico Trouble
0%
Congratulations...I'm Sorry(1996) Not Only Numb
0%
Congratulations...I'm Sorry(1996) Perfectly Still
0%
New Miserable Experience(1992) Pieces of the Night
0%
No Chocolate Cake(Bonus)(2010) Please Don't Ask Me
0%
Mixed Reality(2018) Shadow
0%
Dusted(1989) Slave Dealer's Daughter
0%
Major Lodge Victory(2006) Someday Soon
0%
No Chocolate Cake(2010) Something Real
0%
Dusted(1989) Something Wrong
0%
No Chocolate Cake(2010) Somewhere Tonight
0%
Shut Up and Smoke(1994) Soul Deep
0%
Mixed Reality(2018) Still Some Room in Heaven
0%
Major Lodge Victory(2006) Super Girl
0%
Mixed Reality(2018) The Devil's Daughter
0%
Major Lodge Victory(2006) The End of the World
0%
Congratulations...I'm Sorry(1996) Whitewash
0%
Mixed Reality(2018) Wonder
0%
No matching quizzes found
Score Distribution
Percent of People with Each Score
Percentile by Number Answered
Your Score History
You have not taken this quiz